BHARTIYA SHIKSHA MANOVIGYAN KE AADHAR (Record no. 8569)

MARC details
000 -LEADER
fixed length control field 00385nam a22001457a 4500
005 - DATE AND TIME OF LATEST TRANSACTION
control field 20240708123846.0
008 - FIXED-LENGTH DATA ELEMENTS--GENERAL INFORMATION
fixed length control field 240708b |||||||| |||| 00| 0 eng d
020 ## - INTERNATIONAL STANDARD BOOK NUMBER
ISBN 978-81-930886-6-1
041 ## - LANGUAGE CODE
Language code of text/sound track or separate title eng
100 ## - MAIN ENTRY--AUTHOR NAME
Personal name TOMAR, LLAJARAM
245 ## - TITLE STATEMENT
Title BHARTIYA SHIKSHA MANOVIGYAN KE AADHAR
260 ## - PUBLICATION, DISTRIBUTION, ETC. (IMPRINT)
Place of publication KURUKSHETRA
Name of publisher VIDHYA BHARTI SHIKSHA SANSTHAN
300 ## - PHYSICAL DESCRIPTION
Number of Pages 96;P
942 ## - ADDED ENTRY ELEMENTS (KOHA)
Koha item type Books
Holdings
Lost status Damaged status Home library Current library Shelving location Date acquired Source of acquisition Cost, normal purchase price Accession Number Koha item type
    JRU Library JRU Library SHELF-44-L 08/07/2024 PURCHASE 70.00 28275 Books
    JRU Library JRU Library SHELF-44-L 08/07/2024 PURCHASE 70.00 28276 Books